000 00612nam a2200193 4500
003 OSt
005 20260530113919.0
008 260513b2006 |||a|||| |||| 00| 0 eng d
040 _aICI
_bspa
_cICI
_erda
050 _aHD9999.C947
_bC66
100 1 _aConsejo Nacional de la Cultura y las Artes (CNCA)
_eautor
_934404
245 _a2006 Subsidios
_bLínea Industrias Culturales y DIseño
264 _aChile
_bConsejo Nacional de la Cultura y las Artes (CNCA)
_c2006
300 _a32 páginas
336 _2rdacontent
_atexto
337 _2rdamedia
_asin medio
338 _2rdacarrier
_avolumen
942 _2lcc
_n1
_cBK
999 _c12380
_d12380